The Soviet Union and the Middle East / (Record no. 42136)
[ view plain ]
| 000 -LEADER | |
|---|---|
| fixed length control field | 00749nam a2200241 a 4500 |
| 001 - CONTROL NUMBER | |
| control field | 42136 |
| 003 - CONTROL NUMBER IDENTIFIER | |
| rucl marc code | BD-RjUL |
| 005 - DATE AND TIME OF LATEST TRANSACTION | |
| control field | 20211209053511.0 |
| 008 - FIXED-LENGTH DATA ELEMENTS--GENERAL INFORMATION | |
| fixed length control field | 160609s1959 enk 001 0 eng d |
| 035 ## - SYSTEM CONTROL NUMBER | |
| System control number | (BD-RjUL) 42254 |
| System control number | 883845 |
| 040 ## - CATALOGING SOURCE | |
| Original cataloging agency | NZOC |
| Language of cataloging | eng |
| Transcribing agency | NZOC |
| Modifying agency | ABN-SNR |
| -- | BD-RjUL |
| 041 ## - LANGUAGE CODE | |
| Language code of text/sound track or separate title | eng |
| 082 04 - DEWEY DECIMAL CLASSIFICATION NUMBER | |
| Classification number | 327.47056 |
| Author mark and year | LAS 1959 |
| Edition number | 23 |
| 100 1# - MAIN ENTRY--PERSONAL NAME | |
| Personal name | Laqueur, Walter, |
| Dates associated with a name | 1921- |
| 9 (RLIN) | 129582 |
| 245 14 - TITLE STATEMENT | |
| Title | The Soviet Union and the Middle East / |
| Statement of responsibility, etc. | Walter Laqueur. |
| 260 ## - PUBLICATION, DISTRIBUTION, ETC. (IMPRINT) | |
| Place of publication, distribution, etc. | London : |
| Name of publisher, distributor, etc. | Routledge & Kegan Paul, |
| Date of publication, distribution, etc. | 1959. |
| 300 ## - PHYSICAL DESCRIPTION | |
| Pagination | x, 366 p. : |
| Size | 21 cm. |
| 500 ## - GENERAL NOTE | |
| General note | Includes index. |
| 651 #0 - SUBJECT ADDED ENTRY--GEOGRAPHIC NAME | |
| Geographic name | Middle East |
| General subdivision | Foreign relations |
| Geographic subdivision | Soviet Union. |
| 9 (RLIN) | 129583 |
| Geographic name | Soviet Union |
| General subdivision | Foreign relations |
| Geographic subdivision | Middle East. |
| 9 (RLIN) | 129584 |
| 942 ## - ADDED ENTRY ELEMENTS (KOHA) | |
| Source of classification or shelving scheme | Dewey Decimal Classification |
| Koha item type | Books |
| Lost status | Source of classification or shelving scheme | Damaged status | Not for loan | Collection code | Permanent Location | Current Location | Shelving location | Date acquired | Source of acquisition | Cost, normal purchase price | Total Checkouts | Full call number | Date last seen | Copy number | Koha item type |
|---|---|---|---|---|---|---|---|---|---|---|---|---|---|---|---|
| Dewey Decimal Classification | Non-fiction | Central Library, University of Rajshahi | Central Library, University of Rajshahi | 06/07/1964 | Zeithinger | 35.00 | 327.47056 LAS 1959 | 09/06/2016 | C-2 | Books | |||||
| Dewey Decimal Classification | Non-fiction | Central Library, University of Rajshahi | Central Library, University of Rajshahi | Zeithinger | 35.00 | 327.47056 LAS 1959 | 09/06/2016 | C-3 | Books |